| 000 | 00831nas a2200277 4500 | ||
|---|---|---|---|
| 001 | BR2010001836 | ||
| 003 | BR-BrBNA | ||
| 005 | 20231205114216.0 | ||
| 007 | ta | ||
| 008 | 230509b bl.|||p| |||| 00| 00por d | ||
| 040 |
_aBR-BrBNA _bpor _cBiblioteca Nacional de Agricultura |
||
| 041 | _a(Pt) | ||
| 072 | _aH60 | ||
| 100 | 1 | _aKaram, D. | |
| 100 | 1 | _aSilva, J.A.A. | |
| 100 | 1 | _aFoloni, L.L. | |
| 245 | 1 | _aPotencial de contaminação ambiental de herbicidas utilizados na cultura do milho | |
| 650 | _aMILHO | ||
| 650 | _aHERBICIDA | ||
| 650 | _aFITOTOXICIDADE | ||
| 650 | _aCONTAMINAÇÃO | ||
| 650 | _aMEIO AMBIENTE | ||
| 773 | 0 |
_tRevista Brasileira de Milho e Sorgo (Brazil) _xISSN 1676-689X _g(Sep-Dec 2009), v. 8(3) p. 247-262 _wBR2010001836 |
|
| 909 |
_a202311 _bLúcia _c55 _dLúcia Elande |
||
| 942 |
_2AGRIS _n0 _cANA |
||
| 999 |
_c207618 _d207618 |
||